[Event "BL 0708 (Women)"]
[Site "Germany"]
[Date "2008.04.12"]
[Round "10.4"]
[White "Stojanovic, Andjelija"]
[Black "Guenther, Anetta"]
[Result "1-0"]
[WhiteElo "2310"]
[BlackElo "2125"]
[PlyCount "49"]
[EventDate "2007.11.10"]
[EventType "team-tourn"]
[EventRounds "11"]
[EventCountry "GER"]
[SourceTitle "EXT 2009"]
[Source "ChessBase"]
[SourceDate "2008.11.26"]
[SourceVersion "1"]
[SourceVersionDate "2008.11.26"]
[SourceQuality "1"]
[WhiteTeam "Grosslehna (W)"]
[BlackTeam "Rodewisch (W)"]
[WhiteTeamCountry "GER"]
[BlackTeamCountry "GER"]

1. Nf3 Nf6 2. c4 g6 3. g3 Bg7 4. Bg2 0-0 5. 0-0 d6 6. d4 Nc6 7. Nc3 e5 8. e3 Nd7 9. b3 f5 10. dxe5 dxe5 11. Ba3 Rf7 12. e4 Nd4 13. exf5 Rxf5 14. Nh4 Rh5 15. f4 c6 16. Bd6 Bf6 17. fxe5 Nxe5 18. Rxf6 Qxf6 19. Qxd4 Rxh4 20. Qxe5 Qxe5 21. Bxe5 Rh5 22. Re1 Be6 23. Bf3 Rh3 24. Ne4 Bf5 25. Bf4 1-0

[Event "BL 0708 (Women)"]
[Site "Germany"]
[Date "2008.03.15"]
[Round "8.6"]
[White "Guenther, Anetta"]
[Black "Osmanodja, Filiz"]
[Result "1-0"]
[WhiteElo "2125"]
[BlackElo "1996"]
[PlyCount "79"]
[EventDate "2007.11.10"]
[EventType "team-tourn"]
[EventRounds "11"]
[EventCountry "GER"]
[SourceTitle "EXT 2009"]
[Source "ChessBase"]
[SourceDate "2008.11.26"]
[SourceVersion "1"]
[SourceVersionDate "2008.11.26"]
[SourceQuality "1"]
[WhiteTeam "Rodewisch (W)"]
[BlackTeam "Dresden TU (W)"]
[WhiteTeamCountry "GER"]
[BlackTeamCountry "GER"]

1. e4 c5 2. Nf3 d6 3. d4 cxd4 4. Nxd4 Nf6 5. Nc3 a6 6. Bc4 e6 7. Bb3 Be7 8. f4 Nc6 9. Be3 Qc7 10. Qf3 Na5 11. 0-0 0-0 12. f5 e5 13. Nde2 Nc4 14. Bxc4 Qxc4 15. g4 d5 16. b3 dxe4 17. Qg3 Qc7 18. g5 Nh5 19. Qh4 Nf4 20. Nxf4 Bc5 21. Ncd5 Bxe3+ 22. Nxe3 exf4 23. Rxf4 Qc5 24. Qf2 Re8 25. Rd1 f6 26. gxf6 gxf6 27. Kh1 Kf7 28. Rd5 Qc6 29. Qd2 b5 30. Rh4 Rh8 31. Rd6 Qc5 32. Rh6 Qe5 33. Rhxf6+ Ke8 34. Rd8+ Ke7 35. Rxh8 Qa1+ 36. Kg2 Kxf6 37. Qd6+ Kg5 38. Rg8+ Kh5 39. Qg3 Qf6 40. Qg4+ 1-0

[Event "BL 0708 (Women)"]
[Site "Germany"]
[Date "2007.12.02"]
[Round "4.5"]
[White "Guenther, Anetta"]
[Black "Schulz, Petra"]
[Result "1-0"]
[WhiteElo "2125"]
[BlackElo "2132"]
[PlyCount "123"]
[EventDate "2007.11.10"]
[EventType "team-tourn"]
[EventRounds "11"]
[EventCountry "GER"]
[SourceTitle "EXT 2009"]
[Source "ChessBase"]
[SourceDate "2008.11.26"]
[SourceVersion "1"]
[SourceVersionDate "2008.11.26"]
[SourceQuality "1"]
[WhiteTeam "Rodewisch (W)"]
[BlackTeam "Leipzig WBA (W)"]
[WhiteTeamCountry "GER"]
[BlackTeamCountry "GER"]

1. e4 e6 2. d4 d5 3. Nc3 Bb4 4. e5 Qd7 5. Qg4 f5 6. Qh5+ g6 7. Qd1 b6 8. Nf3 Ba6 9. Bxa6 Nxa6 10. Qe2 Nb8 11. h4 h6 12. Bd2 Nc6 13. Nd1 Bxd2+ 14. Qxd2 Na5 15. b3 Rc8 16. Nb2 Ne7 17. Nd3 Nb7 18. Rc1 c5 19. Nf4 c4 20. Qe3 cxb3 21. cxb3 Rxc1+ 22. Qxc1 Kf7 23. 0-0 Na5 24. Ne2 Kg7 25. h5 Rc8 26. Qd2 Rc6 27. hxg6 Nxg6 28. Rc1 Rxc1+ 29. Qxc1 Qc6 30. Qd2 Nb7 31. Ng3 Nd8 32. Nh5+ Kh7 33. Ne1 Nf7 34. Nd3 Ng5 35. Nb4 Qc8 36. f3 Kg8 37. Nf6+ Kf7 38. Qc2 Qxc2 39. Nxc2 Nf4 40. Kf1 Nd3 41. a3 Ke7 42. Ne1 Nc1 43. b4 Nb3 44. Nc2 Nd2+ 45. Ke2 Nc4 46. Kf2 Kf7 47. Kg3 Kg6 48. Nd7 Kg7 49. b5 Nf7 50. Nb8 Nd8 51. Nc6 Nxc6 52. bxc6 b5 53. c7 Nb6 54. Nb4 Nc8 55. Kh4 Kf7 56. Kh5 Ke7 57. Kxh6 Kd7 58. Na6 Kc6 59. g4 fxg4 60. fxg4 Kb6 61. Nb4 a5 62. Nc2 1-0

[Event "BL 0506 (Women)"]
[Site "Germany"]
[Date "2006.03.04"]
[Round "8.5"]
[White "Nagel, Verena"]
[Black "Guenther, Anetta"]
[Result "0-1"]
[WhiteElo "2086"]
[BlackElo "2137"]
[PlyCount "64"]
[EventDate "2005.10.29"]
[EventType "team-tourn"]
[EventRounds "11"]
[EventCountry "GER"]
[SourceTitle "EXT 2007"]
[Source "ChessBase"]
[SourceDate "2006.11.23"]
[SourceVersion "1"]
[SourceVersionDate "2006.11.23"]
[SourceQuality "1"]
[WhiteTeam "Grosslehna (W)"]
[BlackTeam "Rodewisch (W)"]
[WhiteTeamCountry "GER"]
[BlackTeamCountry "GER"]

1. d4 Nf6 2. Bf4 g6 3. e3 Bg7 4. Be2 0-0 5. h4 d6 6. h5 c5 7. hxg6 fxg6 8. c3 cxd4 9. exd4 Ne4 10. Be3 Qb6 11. Bc4+ Kh8 12. Qe2 Nd7 13. Nf3 Ndf6 14. Nh4 Bf5 15. g4 Nxg4 16. Nxg6+ Bxg6 17. Qxg4 Nxf2 18. Bxf2 Qxb2 19. Qe2 Qxa1 20. Bd3 Rf6 21. Bxg6 Rxg6 22. Qe4 Kg8 23. Qxb7 Rf8 24. Qb3+ Kh8 25. Qc2 Rb8 26. Qxg6 Qxb1+ 27. Qxb1 Rxb1+ 28. Ke2 Rxh1 29. c4 Ra1 30. c5 Rxa2+ 31. Kf3 dxc5 32. dxc5 Rxf2+ 0-1

[Event "BL 0506 (Women)"]
[Site "Germany"]
[Date "2005.10.30"]
[Round "2"]
[White "Guenther, Anetta"]
[Black "Mader, Manuela"]
[Result "0-1"]
[WhiteElo "2137"]
[BlackElo "2043"]
[PlyCount "78"]
[EventDate "2005.10.29"]
[EventType "team-tourn"]
[EventRounds "11"]
[EventCountry "GER"]
[SourceTitle "CBM 109 Extra"]
[Source "ChessBase"]
[SourceDate "2006.01.03"]
[SourceVersion "2"]
[SourceVersionDate "2006.01.03"]
[SourceQuality "1"]

1. e4 c6 2. d4 d5 3. Nc3 dxe4 4. Nxe4 Bf5 5. Ng3 Bg6 6. h4 h6 7. Nf3 Nd7 8. h5 Bh7 9. Bd3 Bxd3 10. Qxd3 e6 11. Bd2 Ngf6 12. 0-0-0 Be7 13. Ne4 0-0 14. Nxf6+ Nxf6 15. Ne5 c5 16. Bc3 Qd5 17. Kb1 Ne4 18. Be1 Rad8 19. f3 Nd6 20. Bf2 Nf5 21. c3 cxd4 22. cxd4 Bf6 23. Qe2 Ne7 24. g4 Nc6 25. f4 Nb4 26. b3 Rc8 27. Rc1 Rc2 28. Rxc2 Nxc2 29. Rd1 Rc8 30. Rc1 Na3+ 31. Kb2 Rxc1 32. Kxc1 Nb5 33. Qc4 Bxe5 34. dxe5 Qf3 35. Qc8+ Kh7 36. Qc2+ Kg8 37. Qc8+ Kh7 38. Qc2+ g6 39. hxg6+ fxg6 0-1

[Event "BL 0506 (Women)"]
[Site "Germany"]
[Date "2005.10.29"]
[Round "1"]
[White "Kube, Hannelore"]
[Black "Guenther, Anetta"]
[Result "1-0"]
[WhiteElo "2003"]
[BlackElo "2137"]
[PlyCount "53"]
[EventDate "2005.10.29"]
[EventType "team-tourn"]
[EventRounds "11"]
[EventCountry "GER"]
[SourceTitle "CBM 109 Extra"]
[Source "ChessBase"]
[SourceDate "2006.01.03"]
[SourceVersion "2"]
[SourceVersionDate "2006.01.03"]
[SourceQuality "1"]

1. c4 Nf6 2. Nc3 g6 3. g3 Bg7 4. Bg2 0-0 5. e4 d6 6. Nge2 e5 7. d3 Nc6 8. 0-0 h6 9. h3 Nd7 10. Be3 Nc5 11. Qd2 Kh7 12. Kh2 a5 13. f4 f5 14. d4 Nxe4 15. Nxe4 fxe4 16. fxe5 dxe5 17. Rxf8 Qxf8 18. d5 Ne7 19. Rf1 Qe8 20. Bxe4 Bf5 21. Bg2 Qd7 22. Nc3 Rf8 23. g4 Bxg4 24. Rxf8 Bxf8 25. hxg4 Qxg4 26. Ne4 Nf5 27. Nf6+ 1-0

[Event "BL 0405 (Women)"]
[Site "Germany"]
[Date "2005.01.09"]
[Round "5.6"]
[White "Sulikiene, Kristina"]
[Black "Guenther, Anetta"]
[Result "1-0"]
[WhiteElo "2041"]
[BlackElo "2106"]
[PlyCount "83"]
[EventDate "2004.11.06"]
[EventType "team-tourn"]
[EventRounds "11"]
[EventCountry "GER"]
[SourceTitle "EXT 2006"]
[Source "ChessBase"]
[SourceDate "2005.11.24"]
[SourceVersion "1"]
[SourceVersionDate "2005.11.24"]
[SourceQuality "1"]
[WhiteTeam "Dresden SC (W)"]
[BlackTeam "Rodewisch (W)"]
[WhiteTeamCountry "GER"]
[BlackTeamCountry "GER"]

1. e4 c5 2. Nc3 Nc6 3. g3 g6 4. Bg2 Bg7 5. d3 d6 6. Nge2 e6 7. 0-0 Nge7 8. Be3 Nd4 9. Qd2 0-0 10. Nd1 Rb8 11. c3 Nxe2+ 12. Qxe2 b5 13. Qd2 b4 14. Bh6 Bxh6 15. Qxh6 Ba6 16. c4 f5 17. Ne3 Bb7 18. exf5 Nxf5 19. Nxf5 Rxf5 20. Rae1 Bxg2 21. Kxg2 Qf6 22. Qd2 Rf8 23. f4 Qf7 24. Qe2 Re8 25. Qe4 d5 26. Qe3 Qb7 27. Kg1 Qa6 28. Qxc5 dxc4 29. Qxc4 Qb6+ 30. Kg2 Rc5 31. Qe4 Rc2+ 32. Re2 Rxe2+ 33. Qxe2 Qd4 34. b3 Qd5+ 35. Qe4 Qc5 36. d4 Qc3 37. Rf2 Kf7 38. Rc2 Qa1 39. Qb7+ Re7 40. Qxb4 Qd1 41. Qd2 Qg4 42. Rc5 1-0

[Event "BL 0304 (Women)"]
[Site "Germany"]
[Date "2004.04.17"]
[Round "10.3"]
[White "Guenther, Anetta"]
[Black "Belostozkaja, Julia"]
[Result "1/2-1/2"]
[WhiteElo "2120"]
[BlackElo "2058"]
[PlyCount "103"]
[EventDate "2003.11.29"]
[EventType "team-tourn"]
[EventRounds "11"]
[EventCountry "GER"]
[SourceTitle "EXT 2005"]
[Source "ChessBase"]
[SourceDate "2004.11.15"]
[SourceVersion "1"]
[SourceVersionDate "2004.11.15"]
[SourceQuality "1"]
[WhiteTeam "Rodewisch"]
[BlackTeam "Grosslehna (W)"]
[WhiteTeamCountry "GER"]
[BlackTeamCountry "GER"]

1. e4 e5 2. Nf3 Nc6 3. Bb5 a6 4. Ba4 d6 5. d4 exd4 6. Nxd4 Bd7 7. 0-0 b5 8. Nxc6 Bxc6 9. Bb3 Nf6 10. Nc3 Be7 11. Re1 0-0 12. a4 Re8 13. Qd3 b4 14. Qc4 bxc3 15. Qxc6 cxb2 16. Bxb2 Rf8 17. e5 dxe5 18. Bxe5 Bd6 19. Rad1 Qe8 20. Qc3 Bxe5 21. Rxe5 Qc8 22. Re7 Ra7 23. Qc4 h6 24. Rxf7 Rxf7 25. Qxf7+ Kh7 26. Be6 Qb8 27. Bf5+ Kh8 28. Qe7 Ra8 29. h3 c6 30. Bg6 Nd5 31. Qd7 Qb6 32. Re1 Rf8 33. Rf1 a5 34. c4 Nc3 35. Qe7 Qb4 36. Qe5 Qxc4 37. Re1 Nd5 38. Rb1 Qc5 39. Qg3 Nf4 40. Kh2 Nxg6 41. Qxg6 Qxf2 42. Qxc6 Rd8 43. Qe4 Qd4 44. Re1 Qxe4 45. Rxe4 Rd5 46. Kg3 Kh7 47. Kf4 Kg6 48. Rc4 Kf6 49. Rc6+ Ke7 50. Ke4 Rg5 51. g4 Kd7 52. Ra6 1/2-1/2

[Event "BL 0304 (Women)"]
[Site "Germany"]
[Date "2004.02.28"]
[Round "6.3"]
[White "Lauterbach, Ingrid"]
[Black "Guenther, Anetta"]
[Result "1-0"]
[WhiteElo "2148"]
[BlackElo "2120"]
[PlyCount "91"]
[EventDate "2003.11.29"]
[EventType "team-tourn"]
[EventRounds "11"]
[EventCountry "GER"]
[SourceTitle "EXT 2005"]
[Source "ChessBase"]
[SourceDate "2004.11.15"]
[SourceVersion "1"]
[SourceVersionDate "2004.11.15"]
[SourceQuality "1"]
[WhiteTeam "Karlsruhe"]
[BlackTeam "Rodewisch"]
[WhiteTeamCountry "GER"]
[BlackTeamCountry "GER"]

1. e4 c5 2. d3 Nc6 3. g3 g6 4. Bg2 Bg7 5. f4 d6 6. Nf3 e6 7. c3 Nge7 8. 0-0 0-0 9. Be3 b6 10. Na3 Bb7 11. Nc2 Qd7 12. d4 Rfd8 13. Nh4 f5 14. d5 exd5 15. exd5 Na5 16. Bf2 b5 17. Ne3 b4 18. a3 bxc3 19. b4 Ba6 20. bxa5 Bxf1 21. Qxf1 Rab8 22. Rc1 Rb3 23. Nc2 Rdb8 24. Nf3 Rb2 25. Nfe1 Qb5 26. Qxb5 R8xb5 27. a6 Nc8 28. Bf1 Rb8 29. Bd3 Nb6 30. Ne3 Re8 31. N1c2 Kf8 32. Kf1 Bf6 33. h3 Kg7 34. g4 fxg4 35. hxg4 Kf7 36. Kg2 Kg8 37. g5 Bg7 38. f5 gxf5 39. Nxf5 Be5 40. Rh1 Rf8 41. Ne7+ Kf7 42. Rxh7+ Bg7 43. Nf5 Rg8 44. Nxd6+ Ke7 45. Nf5+ Kf7 46. Nh6+ 1-0

[Event "BL 0304 (Women)"]
[Site "Germany"]
[Date "2003.11.30"]
[Round "4.3"]
[White "Hippe, Franziska"]
[Black "Guenther, Anetta"]
[Result "1-0"]
[WhiteElo "1710"]
[BlackElo "2120"]
[PlyCount "76"]
[EventDate "2003.11.29"]
[EventType "team-tourn"]
[EventRounds "11"]
[EventCountry "GER"]
[SourceTitle "EXT 2005"]
[Source "ChessBase"]
[SourceDate "2004.11.15"]
[SourceVersion "1"]
[SourceVersionDate "2004.11.15"]
[SourceQuality "1"]
[WhiteTeam "Torgelow"]
[BlackTeam "Rodewisch"]
[WhiteTeamCountry "GER"]
[BlackTeamCountry "GER"]

1. e4 c5 2. Nf3 Nc6 3. d4 cxd4 4. Nxd4 Nf6 5. Nc3 e5 6. Ndb5 d6 7. Bg5 a6 8. Na3 b5 9. Nd5 Be7 10. Bxf6 Bxf6 11. c3 0-0 12. Nc2 Bg5 13. a4 bxa4 14. Rxa4 a5 15. Bc4 Rb8 16. Qa1 Kh8 17. 0-0 f5 18. exf5 Bxf5 19. Nce3 Be6 20. Rd1 Qd7 21. Qa2 Qf7 22. b4 axb4 23. cxb4 Nd4 24. Ra7 Qh5 25. Rb1 Bh4 26. Rb2 Rbc8 27. Rc7 Bxd5 28. Nxd5 Qd1+ 29. Bf1 Rxc7 30. Nxc7 Qc1 31. Nd5 e4 32. Rb1 Qg5 33. Rb2 h6 34. b5 Rc8 35. b6 Rc1 36. Rb1 Bxf2+ 37. Kh1 Nf5 38. Rxc1 Ng3+ 1-0

[Event "BL 0203 (Women)"]
[Site "Germany"]
[Date "2003.02.16"]
[Round "9.3"]
[White "Schulz, Petra"]
[Black "Guenther, Anetta"]
[Result "0-1"]
[WhiteElo "2144"]
[BlackElo "2125"]
[PlyCount "78"]
[EventDate "2002.10.12"]
[EventType "team-tourn"]
[EventRounds "11"]
[EventCountry "GER"]
[SourceTitle "EXT 2004"]
[Source "ChessBase"]
[SourceDate "2003.11.25"]
[SourceVersion "1"]
[SourceVersionDate "2003.11.25"]
[SourceQuality "1"]
[WhiteTeam "Leipzig WBA (W)"]
[BlackTeam "Rodewisch (W)"]
[WhiteTeamCountry "GER"]
[BlackTeamCountry "GER"]

1. e4 c5 2. c3 d5 3. exd5 Qxd5 4. d4 Nc6 5. Nf3 Bg4 6. Be2 cxd4 7. cxd4 e6 8. Nc3 Qa5 9. h3 Bh5 10. Be3 Nf6 11. Qb3 Qb4 12. Qxb4 Bxb4 13. a3 Bxc3+ 14. bxc3 0-0 15. g4 Bg6 16. 0-0 Rac8 17. c4 h6 18. Nh4 Bh7 19. f4 Rfd8 20. Rfd1 Na5 21. Rac1 Ne4 22. f5 Ng3 23. Bd3 exf5 24. Kg2 f4 25. Bxf4 Bxd3 26. Bxg3 Be4+ 27. Kf2 Nxc4 28. Re1 Rxd4 29. Be5 Rd2+ 30. Kg3 Rc2 31. Rxc2 Bxc2 32. Bd4 Rd8 33. Bxa7 Rd3+ 34. Kg2 Rxa3 35. Re8+ Kh7 36. Bc5 Ra2 37. Kg3 Nd2 38. Bb4 Nf1+ 39. Kf4 Ra4 0-1

[Event "BL 0203 (Women)"]
[Site "Germany"]
[Date "2002.10.13"]
[Round "2.3"]
[White "Guenther, Anetta"]
[Black "Kopylov, Luba"]
[Result "0-1"]
[WhiteElo "2125"]
[BlackElo "1683"]
[PlyCount "126"]
[EventDate "2002.10.12"]
[EventType "team-tourn"]
[EventRounds "11"]
[EventCountry "GER"]
[SourceTitle "EXT 2003"]
[Source "ChessBase"]
[SourceDate "2002.11.25"]
[SourceVersion "1"]
[SourceVersionDate "2002.11.25"]
[SourceQuality "1"]
[WhiteTeam "Rodewisch (W)"]
[BlackTeam "Kiel (W)"]
[WhiteTeamCountry "GER"]
[BlackTeamCountry "GER"]

1. e4 c5 2. Nf3 d6 3. d4 cxd4 4. Nxd4 Nf6 5. Nc3 g6 6. Be3 Bg7 7. f3 Nc6 8. Bc4 0-0 9. Qd2 Bd7 10. 0-0-0 Rc8 11. Bb3 Nxd4 12. Bxd4 b5 13. e5 dxe5 14. Bxe5 Bc6 15. Qe3 Qa5 16. Kb1 b4 17. Bxf6 Bxf6 18. Nd5 Bxd5 19. Rxd5 Qc7 20. h4 Rfd8 21. Qe4 e6 22. Rxd8+ Rxd8 23. Qxb4 Qh2 24. Qe1 Qxg2 25. a3 Qxf3 26. Rf1 Bxh4 27. Qc1 Qe2 28. Ka2 Rd2 29. Rh1 Bg3 30. Rh3 Be1 31. Rh1 Bf2 32. Rh2 h5 33. c4 Qe5 34. Qxd2 Qxh2 35. c5 Bg1 36. Qd8+ Kg7 37. c6 Bb6 38. Qd3 Qe5 39. Qc2 h4 40. Qg2 Qg3 41. Qe4 h3 42. Bd1 Kh6 43. Be2 h2 44. Bf3 f5 45. Qe2 Kg5 46. Qd2+ Qf4 47. Qg2+ Kf6 48. Qh3 e5 49. Bh1 e4 50. Qc3+ Qe5 51. Qd2 g5 52. Qe2 Kg6 53. Qc4 Kh5 54. Qe2+ g4 55. Qc4 Kh4 56. Qc1 f4 57. Qe1+ g3 58. Qe2 Qd5+ 59. b3 f3 60. Qb2 Qxc6 61. Qh8+ Kg5 62. Qg7+ Kf4 63. Kb1 Qd6 0-1

[Event "EU-ch (Women) 3rd"]
[Site "Varna"]
[Date "2002.06.07"]
[Round "11"]
[White "Guenther, Anetta"]
[Black "Makka, Ioulia"]
[Result "1/2-1/2"]
[WhiteElo "2116"]
[BlackElo "2188"]
[PlyCount "105"]
[EventDate "2002.05.27"]
[EventType "swiss"]
[EventRounds "11"]
[EventCountry "BUL"]
[SourceTitle "CBM 088 Extra"]
[Source "ChessBase"]
[SourceDate "2002.07.01"]
[SourceVersion "2"]
[SourceVersionDate "2002.07.01"]
[SourceQuality "1"]

1. e4 c6 2. d4 d5 3. Nc3 dxe4 4. Nxe4 Nd7 5. Nf3 Ngf6 6. Nxf6+ Nxf6 7. Bc4 e6 8. 0-0 Qc7 9. Re1 Bd6 10. h3 0-0 11. Qe2 b6 12. Bd3 Re8 13. Ne5 Bb7 14. c3 c5 15. Bb5 Rec8 16. dxc5 Qxc5 17. Bd3 Qd5 18. f4 Bxe5 19. fxe5 Nd7 20. Be4 Qxe4 21. Qxe4 Bxe4 22. Rxe4 Nc5 23. Rd4 Rd8 24. Bg5 Rxd4 25. cxd4 Nd3 26. b3 Nb4 27. a4 Rc8 28. Rc1 Rxc1+ 29. Bxc1 Nc6 30. Bb2 Kf8 31. Kf2 Ke7 32. Ke2 Kd7 33. Kd3 Ne7 34. Kc4 Kc6 35. b4 a6 36. b5+ axb5+ 37. axb5+ Kd7 38. Bc1 Nd5 39. g4 h6 40. h4 Ke8 41. Bd2 Kf8 42. Bc1 Kg8 43. Ba3 Kh7 44. Bc1 Kg6 45. h5+ Kh7 46. Bd2 Kg8 47. Bc1 Kf8 48. g5 hxg5 49. Bxg5 Kg8 50. Kd3 Kh7 51. Kc4 Kg8 52. Kd3 Kh7 53. Kc4 1/2-1/2

[Event "EU-ch (Women) 3rd"]
[Site "Varna"]
[Date "2002.05.30"]
[Round "4"]
[White "Guenther, Anetta"]
[Black "Velcheva, Maria"]
[Result "0-1"]
[WhiteElo "2116"]
[BlackElo "2327"]
[PlyCount "44"]
[EventDate "2002.05.27"]
[EventType "swiss"]
[EventRounds "11"]
[EventCountry "BUL"]
[SourceTitle "CBM 088 Extra"]
[Source "ChessBase"]
[SourceDate "2002.07.01"]
[SourceVersion "2"]
[SourceVersionDate "2002.07.01"]
[SourceQuality "1"]

1. e4 e5 2. Nf3 Nc6 3. Bb5 f5 4. d4 fxe4 5. Nxe5 Nxe5 6. dxe5 c6 7. Bc4 Qa5+ 8. Bd2 Qxe5 9. Bc3 Qg5 10. Rg1 d5 11. Bb3 Nf6 12. Qe2 Qc1+ 13. Qd1 Qxd1+ 14. Kxd1 Bc5 15. Rf1 Ng4 16. Ke1 0-0 17. h3 Nxf2 18. Be5 b6 19. Nc3 Ba6 20. Ne2 Rae8 21. Bg3 Nd3+ 22. cxd3 exd3 0-1

[Event "EU-ch (Women) 3rd"]
[Site "Varna"]
[Date "2002.05.28"]
[Round "2"]
[White "Guenther, Anetta"]
[Black "Bojkovic, Natasa"]
[Result "1-0"]
[WhiteElo "2116"]
[BlackElo "2431"]
[PlyCount "77"]
[EventDate "2002.05.27"]
[EventType "swiss"]
[EventRounds "11"]
[EventCountry "BUL"]
[SourceTitle "CBM 088 Extra"]
[Source "ChessBase"]
[SourceDate "2002.07.01"]
[SourceVersion "2"]
[SourceVersionDate "2002.07.01"]
[SourceQuality "1"]

1. e4 c5 2. Nf3 d6 3. d4 cxd4 4. Nxd4 Nf6 5. Nc3 Nc6 6. Bg5 e6 7. Qd2 Be7 8. 0-0-0 0-0 9. f3 d5 10. Nxc6 bxc6 11. e5 Nd7 12. Bxe7 Qxe7 13. f4 Rb8 14. Re1 f6 15. Bd3 fxe5 16. fxe5 c5 17. Rhf1 Bb7 18. g3 d4 19. Nd1 Rxf1 20. Bxf1 Rf8 21. Bb5 Nb6 22. c3 Rd8 23. Nf2 c4 24. cxd4 a6 25. Qa5 Rd5 26. Qxb6 Rxb5 27. Qd6 Qg5+ 28. Kd1 Qf5 29. Qd8+ Kf7 30. Qd7+ Kg6 31. Qe8+ Kh6 32. g4 Qb1+ 33. Ke2 Rxb2+ 34. Kf1 Qg6 35. Qe7 Qg5 36. Qxe6+ g6 37. Qf7 Qd2 38. Qf8+ Kg5 39. h4+ 1-0

[Event "EU-ch (Women) 3rd"]
[Site "Varna"]
[Date "2002.05.27"]
[Round "1"]
[White "Gaprindashvili, Nona"]
[Black "Guenther, Anetta"]
[Result "1/2-1/2"]
[WhiteElo "2336"]
[BlackElo "2116"]
[PlyCount "110"]
[EventDate "2002.05.27"]
[EventType "swiss"]
[EventRounds "11"]
[EventCountry "BUL"]
[SourceTitle "CBM 088 Extra"]
[Source "ChessBase"]
[SourceDate "2002.07.01"]
[SourceVersion "2"]
[SourceVersionDate "2002.07.01"]
[SourceQuality "1"]

1. d4 Nf6 2. c4 g6 3. g3 Bg7 4. Bg2 0-0 5. Nf3 d6 6. 0-0 Nc6 7. d5 Na5 8. Nbd2 c5 9. e4 a6 10. Rb1 b5 11. b3 Bg4 12. h3 Bd7 13. Bb2 Rb8 14. Qc1 e5 15. dxe6 Bxe6 16. e5 dxe5 17. Nxe5 Bf5 18. Ra1 Qc7 19. cxb5 axb5 20. b4 Nc4 21. Ndxc4 bxc4 22. Nc6 Rb6 23. Be5 Qd7 24. Rd1 Bd3 25. b5 Rxb5 26. Qc3 Ne8 27. Bxg7 Nxg7 28. Qxc4 Bxc4 29. Rxd7 Be6 30. Rc7 Ne8 31. Ne7+ Kg7 32. Rc6 Nf6 33. a4 Ra5 34. Rb6 c4 35. Nc6 Rc5 36. Rb5 Rxb5 37. axb5 Nd5 38. Bf1 c3 39. Nd4 Rc8 40. Rc1 Nb4 41. b6 Bd5 42. Bg2 Bxg2 43. Kxg2 Rb8 44. Rxc3 Rxb6 45. Rc7 Kf6 46. Rd7 Ke5 47. Nf3+ Ke6 48. Ra7 h6 49. h4 Ra6 50. Rb7 Nd5 51. Nd4+ Ke5 52. Nf3+ Ke6 53. Rb2 f5 54. Rd2 Rd6 55. Rc2 Kf6 1/2-1/2

[Event "BL 9900 (Women)"]
[Site "Germany"]
[Date "2000.01.16"]
[Round "5.3"]
[White "Eckhardt, Claudia"]
[Black "Guenther, Anetta"]
[Result "0-1"]
[WhiteElo "2166"]
[BlackElo "2141"]
[PlyCount "84"]
[EventDate "1999.10.16"]
[EventType "team-tourn"]
[EventRounds "11"]
[EventCountry "GER"]
[SourceTitle "CBM 075 Extra"]
[Source "ChessBase"]
[SourceDate "2000.05.11"]
[SourceVersion "2"]
[SourceVersionDate "2000.05.11"]
[SourceQuality "1"]
[WhiteTeam "Halle USV"]
[BlackTeam "Rodewisch"]
[WhiteTeamCountry "GER"]
[BlackTeamCountry "GER"]

1. d4 Nf6 2. Nf3 g6 3. g3 Bg7 4. Bg2 0-0 5. 0-0 d6 6. c4 Nc6 7. d5 Na5 8. Nfd2 c5 9. Nc3 Nd7 10. Qc2 a6 11. a3 Ne5 12. b3 b5 13. cxb5 axb5 14. Nxb5 Nf3+ 15. Nxf3 Bxa1 16. Nc3 Bxc3 17. Qxc3 f6 18. Bh6 Rf7 19. Bc1 Qb6 20. b4 Nb7 21. Bb2 Rb8 22. Ng5 Rf8 23. Ba1 cxb4 24. axb4 Bd7 25. Ne4 Nd8 26. Rb1 Nf7 27. Qd2 Bf5 28. h4 Ne5 29. h5 Ng4 30. Bd4 Qb5 31. f3 Bxe4 32. fxe4 Qc4 33. hxg6 hxg6 34. Bh3 Ne5 35. Rd1 Kg7 36. Be6 Qxb4 37. Qf4 Qa4 38. Rd2 Rb1+ 39. Kg2 Rh8 40. g4 g5 41. Qe3 Rbh1 42. Qg3 Qb4 0-1

[Event "BL 9899 (Women)"]
[Site "Germany"]
[Date "1999.01.16"]
[Round "7.3"]
[White "Jahn, Constanze"]
[Black "Guenther, Anetta"]
[Result "1-0"]
[WhiteElo "2140"]
[BlackElo "2175"]
[PlyCount "117"]
[EventDate "1998.10.24"]
[EventType "team-tourn"]
[EventRounds "11"]
[EventCountry "GER"]
[SourceTitle "GER-chT"]
[Source "ChessBase"]
[SourceDate "1999.07.01"]
[SourceVersion "1"]
[SourceVersionDate "1999.07.01"]
[SourceQuality "1"]
[WhiteTeam "Halle"]
[BlackTeam "Rodewisch"]
[WhiteTeamCountry "GER"]
[BlackTeamCountry "GER"]

1. e4 c5 2. c3 d5 3. exd5 Qxd5 4. d4 Nf6 5. Nf3 e6 6. Bd3 Nc6 7. 0-0 Be7 8. Be3 0-0 9. c4 Qh5 10. Be2 Ng4 11. Bf4 Qf5 12. Bg3 Nf6 13. Nh4 Qe4 14. d5 exd5 15. Nc3 Qd4 16. Qc1 Ne4 17. Nb5 Nxg3 18. hxg3 Qe5 19. Re1 d4 20. Bf3 Qg5 21. Qd1 Bd7 22. Nc7 Rac8 23. Nd5 Bd6 24. Be4 f5 25. Nf3 Qh6 26. Bd3 f4 27. gxf4 Bxf4 28. Nxf4 Rxf4 29. Be4 Bg4 30. Qb3 b6 31. Bd5+ Kh8 32. Nh2 Bd7 33. g3 Rf5 34. Re2 Rh5 35. f4 Rh3 36. Nf1 Bg4 37. Rf2 Ne7 38. Bg2 Rh5 39. Re1 Nf5 40. Qa4 Nd6 41. Qxa7 Nxc4 42. b3 Nd6 43. Qxb6 d3 44. Re5 Qf6 45. Ne3 Be2 46. Qa6 Rd8 47. Rxh5 Bxh5 48. Qxd3 Qa1+ 49. Kh2 Nf7 50. Qf1 Qc3 51. Nd5 Qd4 52. Qe1 Nh6 53. Rd2 Ng4+ 54. Kh1 Re8 55. Qxe8+ Bxe8 56. Rxd4 cxd4 57. Bf3 Nf2+ 58. Kg1 Nd3 59. Kf1 1-0

[Event "BL 9899 (Women)"]
[Site "Germany"]
[Date "1998.10.24"]
[Round "1.3"]
[White "Schulz, Petra"]
[Black "Guenther, Anetta"]
[Result "1-0"]
[WhiteElo "2095"]
[BlackElo "2175"]
[PlyCount "93"]
[EventDate "1998.10.24"]
[EventType "team-tourn"]
[EventRounds "11"]
[EventCountry "GER"]
[SourceTitle "GER-chT"]
[Source "ChessBase"]
[SourceDate "1999.07.01"]
[SourceVersion "1"]
[SourceVersionDate "1999.07.01"]
[SourceQuality "1"]
[WhiteTeam "Leipzig SVG"]
[BlackTeam "Rodewisch"]
[WhiteTeamCountry "GER"]
[BlackTeamCountry "GER"]

1. e4 c5 2. c3 d5 3. exd5 Qxd5 4. d4 Nf6 5. Nf3 e6 6. Bd3 Nc6 7. 0-0 Be7 8. Be3 0-0 9. c4 Qh5 10. Be2 Ng4 11. h3 Nxe3 12. fxe3 Qh6 13. Qd3 Rd8 14. Kh1 Bf6 15. Nc3 cxd4 16. exd4 Nxd4 17. Nxd4 Bxd4 18. Rad1 e5 19. Nd5 Bd7 20. Qf3 Rf8 21. b3 Kh8 22. Bd3 Bc6 23. Qg4 Rae8 24. Nb4 Qe6 25. Bf5 Qd6 26. Nxc6 bxc6 27. Be4 g6 28. Qf3 Re6 29. g4 f6 30. Qd3 Kg7 31. Rf3 Re7 32. Rdf1 Ref7 33. Kg2 Qe6 34. Rg3 Kg8 35. Qf3 Rc7 36. h4 Kh8 37. Qd3 Qe8 38. h5 Kg7 39. Rh3 Rh8 40. Rfh1 Qe6 41. hxg6 Qxg4+ 42. Rg3 Qf4 43. gxh7+ Kf8 44. Rf1 Qh4 45. Qf3 Kf7 46. Bg6+ Ke7 47. Rg4 1-0